Catalog of optoelectronic products 1980

Сохранить в:
Библиографические подробности
Соавтор: General Instrument (Автор)
Формат:
Язык:английский
Опубликовано: Palo Alto General Instrument Optoelectronics Division 1979
Предметы:
Метки: Добавить метку
Нет меток, Требуется 1-ая метка записи!

MARC

LEADER 00000nam a2200000 a 4500
001 UCV6523
003 CL-VaPUC
008 921222e19790000US |||||||||||||||||eng|d
082 0 4 |a 621.381  |b GEN  |2 21 
110 2 |a General Instrument  |e author  |9 300661 
245 1 0 |a Catalog of optoelectronic products 1980 
300 |a 254 p 
942 |c BK 
945 |d 19921222 00:00:00 
260 |a Palo Alto  |b General Instrument Optoelectronics Division  |c 1979 
650 0 |a Dispositivos optoelectrónicos  |9 263515 
583 |a last modification  |c 19921222 00:00:00  |k Rodrigo Vera 
999 |c 212539  |d 212537 
952 |0 0  |1 0  |4 0  |6 621_381000000000000_GEN_1979  |7 0  |8 A  |9 193594  |a BIBING  |b BIBING  |d 2019-11-14  |i 2615940  |o 621.381 GEN 1979  |p 2615940  |r 2025-01-20  |w 2019-11-14  |y BK  |k EIE